| 000 | 01341cam a2200361 a 4500 | ||
|---|---|---|---|
| 001 | 5964 | ||
| 003 | FISKH | ||
| 005 | 20250213092116.0 | ||
| 008 | 040513s2005 maua b 000 1 eng | ||
| 010 | _a 2004051833 | ||
| 020 | _a076362361X | ||
| 020 | _a9780763648527 (hardcover) | ||
| 020 | _a9781536200768 (paperback) | ||
| 020 | _a9780763648510 | ||
| 040 |
_aDLC _cDLC _dDLC _beng |
||
| 050 | _a PZ7.M1487 J | ||
| 082 | _a813.6 | ||
| 100 | 1 |
_aMcDonald, Megan _d(1959-) |
|
| 245 | 1 | 0 |
_aJudy Moody declares independence / _cMegan McDonald ; illustrated by Peter H. Reynolds. |
| 250 | _aThis edition first published in 2010 | ||
| 260 |
_aMassachusetts : _bCandlewick Press, _c2005. |
||
| 300 |
_a144 pages : _billustrations ; _c20 cm. |
||
| 505 | _aN | ||
| 520 | _aAfter learning about the American Revolution on a family trip to Boston, Massachusetts, Judy Moody makes her own Declaration of Independence and tries to prove that she is responsible enough to have more freedoms, such as a higher allowance and her own bathroom. | ||
| 521 | 8 |
_a530
_bLexile |
|
| 521 | 8 |
_aN
_bRaz-Plus |
|
| 650 | 1 |
_aResponsibility _vFiction. |
|
| 650 | 1 |
_aHumorous stories. _2Boston (Mass.) |
|
| 700 | 1 |
_aReynolds, Peter H _qillustrator |
|
| 906 |
_a7 _bcbc _corignew _d1 _eocip _f20 _gy-gencatlg |
||
| 942 |
_2ddc _cBK _n0 |
||
| 999 |
_c5964 _d5964 |
||